| 000 | 01506nab a2200289 i 4500 | ||
|---|---|---|---|
| 003 | DO-SdBNP | ||
| 005 | 20260116143125.0 | ||
| 007 | ta | ||
| 008 | 260116e2025 dr ao||fr|||||||| ||spa d | ||
| 022 | _a3060-9593 | ||
| 040 |
_aDO-SdBNP _bspa _cBNPHU _erda |
||
| 041 | _aspa | ||
| 245 |
_aBlastomicosis pulmonar : _bla lucha en los pulmones contra un hongo silencioso; a propósito de un caso. |
||
| 250 | _aCuarta edición. | ||
| 264 |
_aSantiago de los Caballeros, República Dominicana : _bClínica Universitaria Unión Médica del Norte, _c2025. |
||
| 300 |
_avolumen : _bilustraciones, fotografías ; _c27 cm. |
||
| 310 | _aAnual. | ||
| 336 |
_atexto _btxt _2rdacontent |
||
| 337 |
_asin mediación _bn _2rdamedia |
||
| 338 |
_avolumen _bnc _2rdacarrier |
||
| 362 | _aVol 2. No. 2. Enero-Diciembre 2025. | ||
| 520 | _aLa blastomicosis pulmonar es una infección fúngica poco frecuente cauda por Blastomyces dermatitidis, endémica en ciertas regiones de América del Norte y habitualmente asociada a inmunosupresión. Su presentación en individuos inmunocompetentes y fuera de zonas endémicas constituye un desafío diagnostico considerable. | ||
| 650 | 0 |
_aBlastomicosis _xEnfermedades pulmonal _vPublicaciones periódicas _988885 |
|
| 650 | 0 |
_aMicosis pulmonal _xEnfermedades pulmonal _vPublicaciones periódicas _988886 |
|
| 773 | 0 |
_058073 _9333907 _aUnión Médica del Norte _bTercera edición, diciembre 2024. _o2026-0097 _tRevista médico-científica / _x3060-9593 |
|
| 942 |
_2ddc _cISSUE |
||
| 999 |
_c60117 _d60117 |
||